Constructivismo lg̤ico-semńtico e os dil̀ogos entre teoria e prt̀ica

Bibliographic Details
Main Author: de Barros Carvalho, Paulo
Format: eBook
Language:Portuguese
Published: San Pablo: Editora Noeses, 2019
Subjects:
Online Access:Acceso restringido

MARC

LEADER 00000nam a22000007a 4500
005 20201117221118.0
007 cr|||| ||||
008 201117s2019 br |||||s|||| 00||0 por d
020 |a 978-85-8310-142-0 
035 |a 32327 
040 |a vLex 
090 |c 10880  |d 10880 
100 1 |a de Barros Carvalho, Paulo 
245 1 0 |a Constructivismo lg̤ico-semńtico e os dil̀ogos entre teoria e prt̀ica  |h [Recurso electrn̤ico] /  |c Paulo de Barros Carvalho 
256 |a Servicio en ln̕ea 
260 |a San Pablo:  |b Editora Noeses,  |c 2019 
300 |a 1 recurso electrn̤ico 
506 1 |a Disponible solo en los productos indicados  |d vLex Global  |d vLex Global (Academic Edition, excluding Law Schools)  |d vLex Global (U.S. Academic Edition, Law Schools)  |d vLex Global (U.S. Academic Edition, excluding Law Schools)  |d vLex Global (Academic Edition, Law Schools) 
650 0 |a Ciencias sociales  |z Brasil 
740 0 |a vLex Libros (Servicio en ln̕ea) 
856 4 0 |u http://vlex.com/source/constructivismo-logico-sem-ntico-dialogos-teoria-pratica-32327  |z Acceso restringido 
942 |c BOOK 
999 0 |a Social Sciences